000 00435nam a2200157Ia 4500
008 240729s9999 xx 000 0 und d
022 _a2091-0673
245 0 _aJournal of College of Medical Sciences-Nepal
260 _aNepal
260 _bCollege of Medical Sciences
650 _a Medicine (General)
650 _aMedicine
856 _uhttps://doaj.org/toc/206c09fa9a314319a9c4ad4f46a2f33b
942 _2ddc
942 _cDOAJEJ
999 _c66046
_d66046
945 _a1
_bMadushi Gamage
_c1
_dMadushi Gamage